[Event "BIH-chT 29th"]
[Site "Bihac"]
[Date "2022.08.28"]
[Round "9.4"]
[White "Mesic, Vehid"]
[Black "Sadikovic, Jasmin"]
[Result "1-0"]
[WhiteElo "2101"]
[BlackElo "2047"]
[PlyCount "94"]
[EventDate "2022.08.23"]
[EventType "tourn"]
[EventRounds "9"]
[EventCountry "BIH"]
[SourceTitle "CBM 210 Extra"]
[Source "ChessBase"]
[SourceDate "2022.11.30"]
[SourceVersion "1"]
[SourceVersionDate "2022.11.30"]
[SourceQuality "1"]

1. e4 c5 2. d4 cxd4 3. Nf3 d6 4. Nxd4 Nf6 5. Nc3 a6 6. Be2 e5 7. Nb3 Be6 8. 0-0 Be7 9. Bf3 0-0 10. Re1 Qc7 11. Bg5 Nbd7 12. Nd2 b5 13. a3 Nb6 14. Be3 Nc4 15. Nxc4 Bxc4 16. Be2 Rfd8 17. Bxc4 Qxc4 18. Bg5 d5 19. Bxf6 dxe4 20. Bxe7 Rxd1 21. Raxd1 Qe6 22. Bc5 f5 23. Rd5 Rc8 24. Red1 h6 25. Bd6 Qg6 26. Bxe5 Rf8 27. Rd7 Rf7 28. Rxf7 Qxf7 29. Nd5 Qe6 30. Nf4 Qe8 31. Bc3 g5 32. Nd5 Kf7 33. Nf6 Qc6 34. Nd7 Kg8 35. Ne5 Qc8 36. Rd6 Kh7 37. Nf7 Qc4 38. Rxh6+ Kg8 39. Nxg5 Kf8 40. Rf6+ Ke8 41. Rxf5 Qe2 42. Re5+ Kf8 43. Rxe4 Qd1+ 44. Re1 Qxc2 45. h4 a5 46. Bxa5 Qxb2 47. Bb4+ Kg7 1-0

[Event "BIH-chT 29th"]
[Site "Bihac"]
[Date "2022.08.27"]
[Round "8.4"]
[White "Babic, Masa"]
[Black "Mesic, Vehid"]
[Result "1/2-1/2"]
[WhiteElo "2038"]
[BlackElo "2101"]
[PlyCount "56"]
[EventDate "2022.08.23"]
[EventType "tourn"]
[EventRounds "9"]
[EventCountry "BIH"]
[SourceTitle "CBM 210 Extra"]
[Source "ChessBase"]
[SourceDate "2022.11.30"]
[SourceVersion "1"]
[SourceVersionDate "2022.11.30"]
[SourceQuality "1"]

1. Nf3 Nf6 2. g3 g6 3. Bg2 Bg7 4. 0-0 0-0 5. d4 d6 6. c4 Nbd7 7. Nc3 e5 8. e4 c6 9. h3 Re8 10. Be3 Qc7 11. Qc2 a6 12. a4 b6 13. Rfd1 Bb7 14. Rac1 Rac8 15. Qb1 Bf8 16. Re1 c5 17. d5 Bg7 18. Nd2 Nh5 19. Bf3 Ndf6 20. Ne2 Qd7 21. g4 Rb8 22. Qc2 Bc8 23. Bg2 Nxg4 24. hxg4 Qxg4 25. Qd1 Qh4 26. Nf3 Qxe4 27. Nh2 Qh4 28. Nf3 Qd8 1/2-1/2

[Event "BIH-chT 29th"]
[Site "Bihac"]
[Date "2022.08.27"]
[Round "7.4"]
[White "Mesic, Vehid"]
[Black "Komic, Ibrahim"]
[Result "1/2-1/2"]
[WhiteElo "2101"]
[BlackElo "2199"]
[PlyCount "32"]
[EventDate "2022.08.23"]
[EventType "tourn"]
[EventRounds "9"]
[EventCountry "BIH"]
[SourceTitle "CBM 210 Extra"]
[Source "ChessBase"]
[SourceDate "2022.11.30"]
[SourceVersion "1"]
[SourceVersionDate "2022.11.30"]
[SourceQuality "1"]

1. e4 d5 2. exd5 Qxd5 3. Nc3 Qd6 4. d4 Nf6 5. Nf3 a6 6. a4 Bf5 7. Bd3 Bxd3 8. Qxd3 e6 9. 0-0 Nbd7 10. Re1 Be7 11. Bg5 0-0 12. Rad1 Rfe8 13. Ne5 Rad8 14. Qc4 c6 15. Rd3 Qb4 16. Qxb4 Bxb4 1/2-1/2

[Event "BIH-chT 29th"]
[Site "Bihac"]
[Date "2022.08.24"]
[Round "3.4"]
[White "Hadzic, Sabahet"]
[Black "Mesic, Vehid"]
[Result "0-1"]
[WhiteElo "1983"]
[BlackElo "2101"]
[PlyCount "64"]
[EventDate "2022.08.23"]
[EventType "tourn"]
[EventRounds "9"]
[EventCountry "BIH"]
[SourceTitle "CBM 210 Extra"]
[Source "ChessBase"]
[SourceDate "2022.11.30"]
[SourceVersion "1"]
[SourceVersionDate "2022.11.30"]
[SourceQuality "1"]

1. d4 Nf6 2. Bf4 g6 3. Nc3 Bg7 4. e4 d6 5. Qd2 0-0 6. h4 c5 7. d5 h5 8. f3 a6 9. Nh3 b5 10. Be2 b4 11. Nd1 Nbd7 12. Ne3 Nb6 13. Nc4 Nxc4 14. Bxc4 Nd7 15. c3 bxc3 16. bxc3 Qa5 17. Rc1 Rb8 18. 0-0 Nb6 19. Bb3 Bxh3 20. gxh3 c4 21. Bd1 Na4 22. Bxa4 Qxa4 23. Rf2 Rb7 24. Bh6 Rfb8 25. Bxg7 Kxg7 26. Qd4+ Kg8 27. Rfc2 Rb2 28. Qd2 Qxa2 29. f4 Rxc2 30. Rxc2 Rb1+ 31. Kh2 Qa1 32. Qg2 Rf1 0-1

[Event "BIH-chT 29th"]
[Site "Bihac"]
[Date "2022.08.23"]
[Round "1.4"]
[White "Mataradzic, Almir"]
[Black "Mesic, Vehid"]
[Result "0-1"]
[WhiteElo "2160"]
[BlackElo "2101"]
[PlyCount "106"]
[EventDate "2022.08.23"]
[EventType "tourn"]
[EventRounds "9"]
[EventCountry "BIH"]
[SourceTitle "CBM 210 Extra"]
[Source "ChessBase"]
[SourceDate "2022.11.30"]
[SourceVersion "1"]
[SourceVersionDate "2022.11.30"]
[SourceQuality "1"]

1. Nf3 Nf6 2. c4 g6 3. g3 Bg7 4. Bg2 0-0 5. Nc3 d6 6. d3 e5 7. Bd2 c6 8. c5 Re8 9. cxd6 Qxd6 10. Ng5 Na6 11. Rc1 Qe7 12. 0-0 h6 13. Nge4 Nxe4 14. Nxe4 f5 15. Nc3 Be6 16. Qc2 Qf7 17. b3 Nb4 18. Qb1 Red8 19. Na4 Na6 20. Bc3 Rac8 21. Bb2 Bd5 22. e4 Be6 23. Nc5 Nxc5 24. Rxc5 b6 25. Rxe5 Bxe5 26. Bxe5 c5 27. Rd1 Rd7 28. Qc1 Kh7 29. d4 fxe4 30. Bxe4 Bd5 31. Qe3 Bxe4 32. Qxe4 Qf5 33. Qxf5 gxf5 34. d5 c4 35. bxc4 Rxc4 36. d6 Kg6 37. h4 b5 38. Rd5 a6 39. Bf4 h5 40. Kg2 Rc2 41. a4 b4 42. Ra5 Rc6 43. Rd5 b3 44. Rd2 Rc4 45. Rb2 Rb7 46. a5 Kf7 47. Rd2 Ke6 48. Re2+ Re4 49. Rb2 Kd7 50. Rb1 b2 51. Kf3 Rb5 52. Kg2 Ra4 53. Re1 Rxf4 0-1

[Event "BIH-chT1A 28th"]
[Site "Mostar"]
[Date "2021.08.10"]
[Round "8.1"]
[White "Sestic, Nermin"]
[Black "Mesic, Vehid"]
[Result "0-1"]
[WhiteElo "2114"]
[BlackElo "2080"]
[PlyCount "90"]
[EventDate "2021.08.06"]
[EventType "team-tourn"]
[EventRounds "9"]
[EventCountry "BIH"]
[SourceTitle "CBM 203 Extra"]
[Source "ChessBase"]
[SourceDate "2021.09.30"]
[SourceVersion "1"]
[SourceVersionDate "2021.09.30"]
[SourceQuality "1"]
[WhiteTeam "Zenica Celik"]
[BlackTeam "Zivinice"]
[WhiteTeamCountry "BIH"]
[BlackTeamCountry "BIH"]

1. d4 Nf6 2. c4 e5 3. dxe5 Ng4 4. Nf3 Bc5 5. e3 Nc6 6. Be2 0-0 7. 0-0 Ngxe5 8. a3 a5 9. b3 d6 10. Bb2 Re8 11. Nc3 Nxf3+ 12. Bxf3 Ne5 13. Be2 Bf5 14. Na4 Ba7 15. Qd2 Qh4 16. Bd4 Re6 17. Bxe5 dxe5 18. Qxa5 Be4 19. Rfd1 Rg6 20. Bf1 Rxg2+ 21. Bxg2 Qg5 22. Kf1 Qxg2+ 23. Ke1 Qg1+ 24. Ke2 Qg4+ 25. Ke1 Bf3 26. Qxa7 Qg1+ 27. Kd2 Rd8+ 28. Kc3 Bxd1 29. Kb4 Qe1+ 30. Nc3 g6 31. Qxb7 Rd3 32. Rc1 Qd2 33. Qe4 Bf3 34. Qxf3 Qxc1 35. Nd5 Qb2 36. Nf6+ Kg7 37. Ne8+ Kf8 38. Qc6 Rxb3+ 39. Kc5 Qxa3+ 40. Kd5 Qa5+ 41. Ke4 Qb6 42. Qa8 Qb7+ 43. Qxb7 Rxb7 44. Nf6 h5 45. Kxe5 Rb2 0-1

[Event "BIH-chT1A 28th"]
[Site "Mostar"]
[Date "2021.08.07"]
[Round "3.1"]
[White "Mesic, Vehid"]
[Black "Babic, Masa"]
[Result "1-0"]
[WhiteElo "2080"]
[BlackElo "1857"]
[PlyCount "68"]
[EventDate "2021.08.06"]
[EventType "team-tourn"]
[EventRounds "9"]
[EventCountry "BIH"]
[SourceTitle "CBM 203 Extra"]
[Source "ChessBase"]
[SourceDate "2021.09.30"]
[SourceVersion "1"]
[SourceVersionDate "2021.09.30"]
[SourceQuality "1"]
[WhiteTeam "Zivinice"]
[BlackTeam "Gracanica"]
[WhiteTeamCountry "BIH"]
[BlackTeamCountry "BIH"]

1. e4 c6 2. d4 d5 3. e5 Bf5 4. g4 Bd7 5. c4 e6 6. Nf3 h5 7. Rg1 g6 8. Nc3 a6 9. Qc2 Ne7 10. Bg5 hxg4 11. Rxg4 Bg7 12. 0-0-0 b5 13. c5 a5 14. Bd3 Bh6 15. Qd2 Bxg5 16. Nxg5 Nf5 17. Qf4 Qe7 18. Bxf5 exf5 19. Rh4 Rxh4 20. Qxh4 Na6 21. Qh8+ Qf8 22. Qh7 Nc7 23. h4 Ne6 24. Nxe6 Bxe6 25. Rg1 0-0-0 26. h5 gxh5 27. Qxh5 Qh8 28. Qg5 Qh2 29. Qg3 Qh6+ 30. f4 Qh5 31. Kd2 Rh8 32. Ne2 Qh6 33. Qa3 a4 34. Qc3 Qh4 1-0

[Event "Sarajevo Bosna op 46th"]
[Site "Sarajevo"]
[Date "2016.05.31"]
[Round "6"]
[White "Mesic, Vehid"]
[Black "Terzic, Ilijas"]
[Result "1/2-1/2"]
[WhiteElo "2038"]
[BlackElo "2165"]
[PlyCount "48"]
[EventDate "2016.05.28"]
[EventType "swiss"]
[EventRounds "9"]
[EventCountry "BIH"]
[SourceTitle "EXT 2019"]
[Source "ChessBase"]
[SourceDate "2018.10.10"]
[SourceVersion "1"]
[SourceVersionDate "2018.10.10"]
[SourceQuality "1"]

1. e4 e5 2. Nf3 Nc6 3. Bc4 Bc5 4. b4 Bxb4 5. c3 Be7 6. Qb3 Nh6 7. d4 0-0 8. Bxh6 gxh6 9. Nxe5 Nxe5 10. dxe5 Bc5 11. Nd2 Qg5 12. 0-0-0 b5 13. Qxb5 d6 14. Kc2 Qxe5 15. f4 Qxf4 16. Rhf1 Qe5 17. Bd5 a6 18. Qe2 Rb8 19. Nc4 Qg5 20. Rxf7 Rxf7 21. Rf1 Bb7 22. Bxf7+ Kh8 23. Rf3 Qe7 24. Nd2 Rf8 1/2-1/2

[Event "Sarajevo Bosna op 46th"]
[Site "Sarajevo"]
[Date "2016.05.31"]
[Round "5"]
[White "Sajin, Mladen"]
[Black "Mesic, Vehid"]
[Result "0-1"]
[WhiteElo "1892"]
[BlackElo "2038"]
[PlyCount "130"]
[EventDate "2016.05.28"]
[EventType "swiss"]
[EventRounds "9"]
[EventCountry "BIH"]
[SourceTitle "EXT 2019"]
[Source "ChessBase"]
[SourceDate "2018.10.10"]
[SourceVersion "1"]
[SourceVersionDate "2018.10.10"]
[SourceQuality "1"]

1. e4 e5 2. Nf3 Nc6 3. Bc4 Nf6 4. d4 exd4 5. 0-0 Nxe4 6. Re1 d5 7. Bxd5 Qxd5 8. Nc3 Qh5 9. Nxe4 Be6 10. Bg5 Bd6 11. Nxd6+ cxd6 12. Bf4 Qd5 13. c3 0-0 14. Nxd4 Nxd4 15. Qxd4 Qxd4 16. cxd4 d5 17. Rec1 Rac8 18. Bc7 Rfe8 19. Rc3 Bd7 20. Rac1 Re2 21. Ba5 Bc6 22. R3c2 Re4 23. Bc3 Rce8 24. b3 Bb5 25. f3 Re2 26. Bb4 Bc6 27. a4 R2e3 28. Rc3 f6 29. Rxe3 Rxe3 30. Rc3 Re1+ 31. Kf2 Rb1 32. Bc5 a6 33. Re3 Kf7 34. Kg3 Kg6 35. Kf4 Rb2 36. Kg3 h5 37. h4 Kf5 38. Rd3 Re2 39. Kh3 Bd7 40. Kg3 g5 41. hxg5 fxg5 42. Bd6 Kg6 43. f4 Bf5 44. Rc3 Be4 45. fxg5 Rxg2+ 46. Kh4 Bf5 47. Rc7 Rg4+ 48. Kh3 Rxd4+ 49. Kh2 Rd2+ 50. Kg3 Rd3+ 51. Kf4 Rxb3 52. Bf8 h4 53. Rg7+ Kh5 54. Kxf5 Rf3+ 55. Ke5 Rxf8 56. Kxd5 b5 57. axb5 axb5 58. g6 Rf5+ 59. Kd4 Rg5 60. Rh7+ Kg4 61. g7 h3 62. Ke3 Kg3 63. Rh5 Rxg7 64. Rxb5 h2 65. Rb1 Rh7 0-1

[Event "Sarajevo Bosna op 46th"]
[Site "Sarajevo"]
[Date "2016.05.30"]
[Round "4"]
[White "Mesic, Vehid"]
[Black "Hodzic, Nihad"]
[Result "0-1"]
[WhiteElo "2038"]
[BlackElo "2215"]
[PlyCount "68"]
[EventDate "2016.05.28"]
[EventType "swiss"]
[EventRounds "9"]
[EventCountry "BIH"]
[SourceTitle "EXT 2019"]
[Source "ChessBase"]
[SourceDate "2018.10.10"]
[SourceVersion "1"]
[SourceVersionDate "2018.10.10"]
[SourceQuality "1"]

1. e4 c5 2. d4 cxd4 3. c3 g6 4. cxd4 d5 5. e5 Nc6 6. Nc3 Bg7 7. Nf3 Bg4 8. Bb5 Rc8 9. h3 Bxf3 10. Qxf3 e6 11. 0-0 Nh6 12. Bxc6+ Rxc6 13. Nb5 0-0 14. Nxa7 Rb6 15. Qd3 Qa8 16. Nb5 Nf5 17. Be3 Qa4 18. Nc3 Qa5 19. Rab1 Rb4 20. g4 Ne7 21. f4 f5 22. g5 Rc4 23. Rfc1 Rfc8 24. a3 Bf8 25. Kf2 b5 26. Ne2 Qb6 27. b3 Rxc1 28. Rxc1 Ra8 29. Rc5 Rxa3 30. Rxb5 Qa6 31. Nc1 Nc6 32. Kf3 Ra1 33. Kg3 Rxc1 34. Bxc1 Na7 0-1

[Event "Sarajevo Bosna op 46th"]
[Site "Sarajevo"]
[Date "2016.05.29"]
[Round "2"]
[White "Mesic, Vehid"]
[Black "Pasalic, Harun"]
[Result "0-1"]
[WhiteElo "2038"]
[BlackElo "2253"]
[PlyCount "126"]
[EventDate "2016.05.28"]
[EventType "swiss"]
[EventRounds "9"]
[EventCountry "BIH"]
[SourceTitle "EXT 2019"]
[Source "ChessBase"]
[SourceDate "2018.10.10"]
[SourceVersion "1"]
[SourceVersionDate "2018.10.10"]
[SourceQuality "1"]

1. e4 c5 2. d4 cxd4 3. c3 Nf6 4. e5 Nd5 5. cxd4 d6 6. Nf3 Nc6 7. Be2 g6 8. 0-0 Bg7 9. exd6 Qxd6 10. Nc3 0-0 11. Qb3 Be6 12. Qxb7 Rfb8 13. Qa6 Nxd4 14. Qxd6 Nxe2+ 15. Nxe2 exd6 16. Ned4 Rb4 17. Rd1 Rc8 18. a3 Rbc4 19. Bg5 h6 20. Be3 Bd7 21. Rab1 f5 22. Ne2 Nxe3 23. fxe3 Rc2 24. Nfd4 R2c4 25. b3 R4c5 26. Nf4 Re8 27. Kf2 g5 28. Nfe2 Rce5 29. Rd3 Rc8 30. Rc1 Rxc1 31. Nxc1 Rd5 32. Nc2 Rc5 33. Rd2 Be5 34. Ne2 a5 35. Ncd4 Kf7 36. g3 Kf6 37. Rc2 h5 38. b4 Rxc2 39. Nxc2 a4 40. Ncd4 h4 41. b5 h3 42. Nc3 Ke7 43. Nxa4 f4 44. gxf4 gxf4 45. Nf3 fxe3+ 46. Kxe3 Bg7 47. Nd4 Kd8 48. Nb6 Bg4 49. Nd5 Bh6+ 50. Nf4 d5 51. Nc6+ Kc7 52. Ne5 Bf5 53. a4 Be4 54. a5 Bg2 55. Neg6 Kd6 56. Kf2 Be4 57. b6 Kc6 58. Ne5+ Kb7 59. Nxh3 d4 60. Ng4 Bd2 61. Ke2 Bxa5 62. Ngf2 Bf5 63. Ng5 Bxb6 0-1

[Event "BIH-ch"]
[Site "Lukavac"]
[Date "2016.04.03"]
[Round "6"]
[White "Mesic, Vehid"]
[Black "Cabric, Izet"]
[Result "1-0"]
[WhiteElo "1999"]
[BlackElo "1934"]
[PlyCount "139"]
[EventDate "2016.03.31"]
[EventType "swiss"]
[EventRounds "7"]
[EventCountry "BIH"]
[SourceTitle "CBM 171 Extra"]
[Source "ChessBase"]
[SourceDate "2016.04.26"]
[SourceVersion "1"]
[SourceVersionDate "2016.04.26"]
[SourceQuality "1"]

1. e4 d6 2. d4 Nf6 3. Nc3 g6 4. Be3 Bg7 5. Qd2 h6 6. h3 c6 7. Nf3 Qa5 8. Bd3 Nbd7 9. 0-0 e5 10. Nb5 Qxd2 11. Nxd6+ Ke7 12. Nxc8+ Rhxc8 13. Nxd2 exd4 14. Bxd4 c5 15. Bc3 a6 16. a4 Rc7 17. a5 Rac8 18. Bc4 Ne8 19. Bxg7 Nxg7 20. f4 Rd8 21. Bd5 Nf6 22. c4 Ne6 23. Nb3 Nh5 24. f5 Nef4 25. fxg6 fxg6 26. Kh2 Rf8 27. g3 Nd3 28. Rxf8 Kxf8 29. Rf1+ Kg7 30. Nd2 Nf6 31. b3 Re7 32. Kg1 Ne5 33. Kf2 Nc6 34. Bxc6 bxc6 35. Ke3 Ne8 36. Rb1 Nd6 37. Kd3 Rd7 38. Kc3 Re7 39. Re1 Kf6 40. b4 cxb4+ 41. Kxb4 Re5 42. c5 Nb7 43. Nb3 Rg5 44. Re3 h5 45. h4 Re5 46. Kc4 g5 47. Rf3+ Kg6 48. Kd4 Re8 49. e5 gxh4 50. gxh4 Kg7 51. Rf5 Nd8 52. Rxh5 Ne6+ 53. Ke4 Rb8 54. Kf5 Kf7 55. Rh7+ Ng7+ 56. Rxg7+ Kxg7 57. Nd4 Rf8+ 58. Ke6 Re8+ 59. Kd7 Rxe5 60. Kxc6 Kf6 61. Kb6 Rh5 62. c6 Ke7 63. Kxa6 Kd8 64. Kb6 Rxh4 65. Nb5 Kc8 66. Nd6+ Kd8 67. c7+ Kd7 68. c8Q+ Ke7 69. Qe8+ Kxd6 70. Qd8+ 1-0

[Event "BIH-chT1A 22nd"]
[Site "Tuzla"]
[Date "2015.10.18"]
[Round "5.2"]
[White "Burovic, Ismet"]
[Black "Mesic, Vehid"]
[Result "1/2-1/2"]
[WhiteElo "2324"]
[BlackElo "1955"]
[PlyCount "40"]
[EventDate "2015.10.16"]
[EventType "tourn"]
[EventRounds "9"]
[EventCountry "BIH"]
[SourceTitle "CBM 169 Extra"]
[Source "ChessBase"]
[SourceDate "2015.12.18"]
[SourceVersion "1"]
[SourceVersionDate "2015.12.18"]
[SourceQuality "1"]

1. e4 e5 2. f4 d5 3. exd5 e4 4. d3 Nf6 5. dxe4 Nxe4 6. Be3 Qh4+ 7. g3 Nxg3 8. Nf3 Qh5 9. hxg3 Qxh1 10. Kf2 Qh5 11. Nc3 Bd6 12. Qd4 0-0 13. Bg2 Re8 14. Ne4 Bf5 15. Nxd6 cxd6 16. Rh1 Qg4 17. Bh3 Qh5 18. Bg2 Qg4 19. Bh3 Qh5 20. Bg2 Qg4 1/2-1/2

[Event "Wch U20 52nd"]
[Site "Kocaeli"]
[Date "2013.09.26"]
[Round "13"]
[White "Garcia Herrera, Enrique Ric"]
[Black "Mesic, Vehid"]
[Result "1/2-1/2"]
[WhiteElo "1653"]
[BlackElo "1576"]
[PlyCount "62"]
[EventDate "2013.09.13"]
[EventType "swiss"]
[EventRounds "13"]
[EventCountry "TUR"]
[SourceTitle "CBM 156 Extra"]
[Source "ChessBase"]
[SourceDate "2013.10.22"]
[SourceVersion "1"]
[SourceVersionDate "2013.10.22"]
[SourceQuality "1"]

1. Nf3 Nf6 2. c4 g6 3. g3 Bg7 4. Bg2 0-0 5. 0-0 d6 6. Nc3 e5 7. d3 Nbd7 8. Rb1 a5 9. a3 Nh5 10. b4 axb4 11. axb4 f5 12. Qc2 Rb8 13. Bb2 g5 14. b5 g4 15. Nd2 b6 16. Nd5 Bb7 17. Ra1 Nc5 18. Ra7 Rf7 19. Nb3 Kh8 20. Nxc5 bxc5 21. Rfa1 Bh6 22. e3 Bg7 23. Rxb7 Rxb7 24. Nf4 Nxf4 25. Bxb7 Nh3+ 26. Kg2 Qf6 27. Ra8+ Rf8 28. Rxf8+ Bxf8 29. f4 gxf3+ 30. Bxf3 Ng5 31. h4 Ne6 1/2-1/2

[Event "Lukavac op 1st"]
[Site "Lukavac"]
[Date "2012.11.25"]
[Round "5"]
[White "Nezirovic, Ozren"]
[Black "Mesic, Vehid"]
[Result "1-0"]
[WhiteElo "2105"]
[BlackElo "1542"]
[PlyCount "47"]
[EventDate "2012.11.23"]
[EventType "swiss"]
[EventRounds "7"]
[EventCountry "BIH"]
[SourceTitle "CBM 151 Extra"]
[Source "ChessBase"]
[SourceDate "2012.12.18"]
[SourceVersion "1"]
[SourceVersionDate "2012.12.18"]
[SourceQuality "1"]

1. e4 e5 2. Nf3 Nc6 3. Bb5 a6 4. Ba4 Nf6 5. 0-0 Be7 6. Bxc6 dxc6 7. Nc3 Bg4 8. h3 Bh5 9. g4 Bg6 10. Nxe5 Nxe4 11. Re1 Qd4 12. Nxe4 Bxe4 13. d3 Bd5 14. c3 Qc5 15. d4 Qd6 16. Bf4 Qf6 17. Qd2 0-0-0 18. c4 Be6 19. Qe3 Kb8 20. d5 cxd5 21. Nc6+ bxc6 22. Qb6+ Ka8 23. Qxc6+ Kb8 24. Bxc7+ 1-0

[Event "Lukavac op 1st"]
[Site "Lukavac"]
[Date "2012.11.24"]
[Round "2"]
[White "Mesic, Vehid"]
[Black "Kostic, Marko G"]
[Result "1-0"]
[WhiteElo "1542"]
[BlackElo "1968"]
[PlyCount "69"]
[EventDate "2012.11.23"]
[EventType "swiss"]
[EventRounds "7"]
[EventCountry "BIH"]
[SourceTitle "CBM 151 Extra"]
[Source "ChessBase"]
[SourceDate "2012.12.18"]
[SourceVersion "1"]
[SourceVersionDate "2012.12.18"]
[SourceQuality "1"]

1. e4 c5 2. Nf3 d6 3. d4 cxd4 4. Nxd4 Nf6 5. Nc3 a6 6. Bc4 e6 7. Bb3 Be7 8. 0-0 0-0 9. f4 b5 10. a3 Bb7 11. Qf3 e5 12. Nf5 Bc8 13. fxe5 dxe5 14. Bg5 Bxf5 15. Qxf5 Nc6 16. Rad1 Qb8 17. Bxf6 Bxf6 18. Nd5 Bd8 19. c3 Na5 20. Ba2 Nc4 21. Rd3 Qc8 22. Qh5 Qe6 23. Rg3 Kh8 24. Rf5 f6 25. Rh3 h6 26. Kh1 Nd6 27. Qg6 Nxf5 28. exf5 Qf7 29. Rxh6+ gxh6 30. Qxh6+ Kg8 31. Ne7+ Bxe7 32. Qg6+ Kh8 33. Bxf7 Rxf7 34. Qxf7 Rd8 35. h4 1-0

[Event "Lukavac op 1st"]
[Site "Lukavac"]
[Date "2012.11.23"]
[Round "1"]
[White "Radosavljevic, Nebojsa"]
[Black "Mesic, Vehid"]
[Result "1-0"]
[WhiteElo "2109"]
[BlackElo "1542"]
[PlyCount "83"]
[EventDate "2012.11.23"]
[EventType "swiss"]
[EventRounds "7"]
[EventCountry "BIH"]
[SourceTitle "CBM 151 Extra"]
[Source "ChessBase"]
[SourceDate "2012.12.18"]
[SourceVersion "1"]
[SourceVersionDate "2012.12.18"]
[SourceQuality "1"]

1. e4 e5 2. Nf3 Nc6 3. d4 exd4 4. Nxd4 Nf6 5. Nxc6 bxc6 6. e5 Qe7 7. Qe2 Nd5 8. c4 Ba6 9. b3 0-0-0 10. Bb2 Re8 11. Qd2 Nf6 12. Bd3 Ng4 13. f4 Qh4+ 14. g3 Qh3 15. Bf5 Nxe5 16. Bxh3 Nxc4+ 17. Kd1 Nxd2 18. Nxd2 Bb4 19. Bf1 Bxf1 20. Rxf1 Re3 21. Re1 Rxe1+ 22. Kxe1 Re8+ 23. Kd1 f6 24. a3 Ba5 25. Rc1 Re3 26. b4 Bb6 27. Rc3 Re6 28. f5 Re5 29. Rf3 Re7 30. Nb3 Bg1 31. h3 Re4 32. Kd2 d6 33. Bc3 c5 34. Kd3 Re7 35. bxc5 dxc5 36. g4 Kd7 37. Rf1 Re3+ 38. Kd2 Rg3 39. a4 c4 40. Na5 Be3+ 41. Ke2 Bb6 42. Rd1+ 1-0

[Event "BIH-chT1A"]
[Site "Neum"]
[Date "2012.08.28"]
[Round "6.4"]
[White "Djuric, Nebojsa"]
[Black "Mesic, Vehid"]
[Result "1-0"]
[WhiteElo "2181"]
[BlackElo "1504"]
[PlyCount "86"]
[EventDate "2012.08.25"]
[EventType "team-tourn"]
[EventRounds "9"]
[EventCountry "BIH"]
[SourceTitle "CBM 150 Extra"]
[Source "ChessBase"]
[SourceDate "2012.10.19"]
[SourceVersion "1"]
[SourceVersionDate "2012.10.19"]
[SourceQuality "1"]

1. e4 e5 2. Nf3 Nc6 3. Bc4 Nf6 4. d4 exd4 5. e5 d5 6. Bb5 Ne4 7. Nxd4 Bd7 8. Bxc6 bxc6 9. 0-0 Be7 10. f3 Ng5 11. Nb3 0-0 12. Nc3 Ne6 13. f4 g6 14. Be3 Ng7 15. Nc5 f6 16. Qe2 fxe5 17. fxe5 Ne6 18. N3a4 d4 19. Bxd4 Nxd4 20. Qc4+ Kg7 21. Qxd4 Bf5 22. Qc3 Qe8 23. h3 Bg5 24. g4 Be6 25. Rxf8 Kxf8 26. Rf1+ Kg8 27. Nxe6 Qxe6 28. Nc5 Qd5 29. Nd3 Rb8 30. b3 Be3+ 31. Kh2 Bd4 32. Qc4 Qxc4 33. bxc4 Re8 34. Re1 Kf7 35. Kg2 Ke6 36. Kf3 Bc3 37. Re2 Rf8+ 38. Nf4+ Ke7 39. Ke4 Rb8 40. Nd3 Rb1 41. Kf4 Rf1+ 42. Nf2 Ke6 43. h4 Rh1 1-0

[Event "BIH-chT"]
[Site "Neum"]
[Date "2011.06.11"]
[Round "8.5"]
[White "Mesic, Vehid"]
[Black "Marjanovic, Dejan"]
[Result "0-1"]
[WhiteElo "1508"]
[BlackElo "2149"]
[PlyCount "86"]
[EventDate "2011.06.04"]
[EventType "team-tourn"]
[EventRounds "9"]
[EventCountry "BIH"]
[SourceTitle "CBM 142 Extra"]
[Source "ChessBase"]
[SourceDate "2011.06.27"]
[SourceVersion "1"]
[SourceVersionDate "2011.06.27"]
[SourceQuality "1"]
[WhiteTeam "Zivinice"]
[BlackTeam "Bijeljina"]
[WhiteTeamCountry "BIH"]
[BlackTeamCountry "BIH"]

1. e4 c5 2. d4 cxd4 3. Nf3 d6 4. Nxd4 Nf6 5. Nc3 a6 6. Be2 e5 7. Nb3 Be7 8. Bg5 Be6 9. 0-0 Nbd7 10. Qd2 0-0 11. Rad1 b5 12. Bf3 b4 13. Bxf6 Nxf6 14. Ne2 a5 15. Nbc1 Nd7 16. c3 Qb8 17. b3 Rc8 18. c4 Nc5 19. Nd3 Qb7 20. Ng3 g6 21. Rfe1 Rcb8 22. Nf1 Nxd3 23. Qxd3 a4 24. Ne3 axb3 25. axb3 Ra2 26. Rb1 Qa7 27. Re2 Ra8 28. Rxa2 Qxa2 29. Qc2 Qa3 30. g3 Bd8 31. Qb2 Qxb2 32. Rxb2 Bb6 33. Nc2 Bc5 34. Kf1 Kg7 35. Ke2 Ra7 36. Bg2 f5 37. exf5 gxf5 38. Ne3 Bd4 39. Rb1 Ra2+ 40. Kf1 f4 41. Nd1 Bf5 42. Rc1 Bd3+ 43. Ke1 Re2+ 0-1

[Event "Tuzla op 16th"]
[Site "Tuzla"]
[Date "2009.12.27"]
[Round "7"]
[White "Coric, Ahmed"]
[Black "Mesic, Vehid"]
[Result "1-0"]
[WhiteElo "2141"]
[BlackElo "1524"]
[PlyCount "81"]
[EventDate "2009.12.24"]
[EventType "swiss"]
[EventRounds "7"]
[EventCountry "BIH"]
[SourceTitle "EXT 2019"]
[Source "ChessBase"]
[SourceDate "2018.10.10"]
[SourceVersion "1"]
[SourceVersionDate "2018.10.10"]
[SourceQuality "1"]

1. e4 e5 2. Nf3 Nc6 3. d4 exd4 4. Nxd4 Nf6 5. Nxc6 bxc6 6. Bd3 Bc5 7. e5 Nd5 8. Qg4 Kf8 9. 0-0 Qe7 10. Qe2 d6 11. Re1 Bd7 12. c4 Nb6 13. Bf4 Re8 14. Nc3 d5 15. Rad1 Be6 16. Qf3 Qd7 17. h3 Bb4 18. a3 Bxc3 19. bxc3 Qe7 20. Be3 Rd8 21. a4 Nxa4 22. Ra1 Nxc3 23. Bxa7 dxc4 24. Bxc4 Bxc4 25. Qxc3 Qe6 26. Be3 h6 27. f4 Kg8 28. f5 Qd5 29. Rac1 Bb5 30. Rcd1 Qxd1 31. Rxd1 Rxd1+ 32. Kf2 Kh7 33. Qc2 Rf1+ 34. Kg3 Re8 35. Qe4 g6 36. Bf4 Ra1 37. e6 Ra3+ 38. Kh2 fxe6 39. fxg6+ Kg7 40. Be5+ Kg8 41. Qf4 1-0

[Event "Tuzla op 16th"]
[Site "Tuzla"]
[Date "2009.12.25"]
[Round "3"]
[White "Karup, Edin"]
[Black "Mesic, Vehid"]
[Result "1-0"]
[WhiteElo "2176"]
[BlackElo "1524"]
[PlyCount "59"]
[EventDate "2009.12.24"]
[EventType "swiss"]
[EventRounds "7"]
[EventCountry "BIH"]
[SourceTitle "EXT 2019"]
[Source "ChessBase"]
[SourceDate "2018.10.10"]
[SourceVersion "1"]
[SourceVersionDate "2018.10.10"]
[SourceQuality "1"]

1. e4 e5 2. Nf3 Nc6 3. Bb5 a6 4. Ba4 Nf6 5. 0-0 Be7 6. Re1 b5 7. Bb3 0-0 8. d3 d6 9. h3 Be6 10. Nbd2 Nd4 11. Nxd4 exd4 12. Nf3 c5 13. c3 dxc3 14. bxc3 d5 15. e5 Nd7 16. d4 c4 17. Bc2 b4 18. cxb4 Bxb4 19. Re3 f6 20. Rb1 Ba5 21. exf6 Qxf6 22. Ba4 Kh8 23. Bc2 Bf5 24. Rb7 Rab8 25. Rxd7 Bxd7 26. Re5 Be8 27. Bg5 Qc6 28. Be7 Rxf3 29. Qxf3 Bc7 30. Qf8# 1-0